10 Biggest Cities in Sudan - Statistics

General Stats
  • This quiz has been taken 125 times
  • The average score is 4 of 10
Answer Stats
Population City % Correct
1 975 000 Khartoum
99%
1 200 000 Omdurman
75%
490 000 Port Sudan
75%
400 000 Kassala
42%
330 000 Wad Madani
22%
250 000 Al-Fashir
20%
395 000 Al-Ubayyid
10%
345 000 Kusti
8%
365 000 Gedaref
5%
265 000 Ad Du'ayn
0%
No matching quizzes found
Score Distribution
Percent of People with Each Score
Percentile by Number Answered
Your Score History
You have not taken this quiz